• 首页
  • 本馆介绍
  • 公告通知
  • 最新文献
  • 馆藏检索
  • 电子资源
  • 读者导购
  • 参考咨询
  • 我的图书馆
  • 登录
  • 详细信息显示
  • 放入我的书架
  • 预约/预借图书
  • 作者相关作品
  • 分类相关作品
  • 丛书相关作品
  • 出版社相关作品

书目信息

  • 表格格式
  • 工作单格式
  • 卡片格式
题名:
非线性射频和微波器件表征、建模和设计
    
 
作者: 鲁特, 著 ;林茂六 译
分册:  
出版信息: 北京   电子工业出版社  2016.1
页数: 15,199页
开本: 26cm
丛书名:
单 册:
中图分类: O45 , TN61
科图分类:
主题词: 非线性--射频--介绍 , 微波元件--程序设计
电子资源:
ISBN: 978-7-121-27602-6
000 01827nam0 2200349 450
001 0400002710
005 20171021133102.0
010    @a978-7-121-27602-6@dCNY55.00
100    @a20160314d2016 em y0chiy50 ea
101 1  @achi@ceng
102    @aCN@b110000
105    @ay z 000yy
106    @ar
200 1  @a非线性射频和微波器件表征、建模和设计@9fei xian xing she pin he wei bo qi jian biao zheng、jian mo he she ji@eX参数理论基础@d= X-parameters@echaracterization, modeling, and design of nonlinear RF and microwave components@f(美) David E. Root ... [等]著@g林茂六[等]译@zeng
210    @a北京@c电子工业出版社@d2016.1
215    @a15,199页@d26cm
300    @a经典译丛·微波与射频技术
304    @a著者还有:(美)Jan Verspecht、(美)Jason Horn、(美)Mihai Marcu
304    @a译者还有:苟元潇、卢鑫、孙金龙
305    @a由Cambridge University Press授权出版
306    @a本书限中国大陆发行
330    @a本书系统地介绍了非线性静态与动态X参数的概念和原理以及它们的测量、建模和设计应用实例。全书共6章。第1章对线性S参数理论做了简明回顾;第2、3、4章系统介绍在大信号单音激励下,静态非线性X参数的基本理论、数学形式及参数的物理意义,测量与仿真平台,以及模型参数提取方法和应用实例;第5章介绍在大信号双音和多音激励下,静态非线性X参数的基本理论、数学形式及参数的物理意义;第6章介绍如何将静态非线性X参数扩展到动态非线性X参数理论,及其实验方案、模型记忆、辨识实例和有效性检验手段。
510 1  @aX-parameters@echaracterization, modeling, and design of nonlinear RF and microwave components@zeng
517 1  @aX参数理论基础@9X can shu li lun ji chu
606 0  @a非线性@x射频@x介绍
606 0  @a微波元件@x程序设计
690    @aO45@v5
690    @aTN61@v5
701  1 @c(美)@a鲁特,@9lu te@bD.E. @g(Root, David E.)@4著
702  0 @a林茂六@9lin mao liu@4译
801  0 @aCN@b91MARC@c20171021
905    @b1032600-4@dO45@f5@e5
    
    非线性射频和微波器件表征、建模和设计:X参数理论基础= X-parameters:characterization, modeling, and design of nonlinear RF and microwave components/(美) David E. Root ... [等]著/林茂六[等]译.-北京:电子工业出版社,2016.1
    15,199页;26cm
    经典译丛·微波与射频技术
    
    ISBN 978-7-121-27602-6:CNY55.00
    本书系统地介绍了非线性静态与动态X参数的概念和原理以及它们的测量、建模和设计应用实例。全书共6章。第1章对线性S参数理论做了简明回顾;第2、3、4章系统介绍在大信号单音激励下,静态非线性X参数的基本理论、数学形式及参数的物理意义,测量与仿真平台,以及模型参数提取方法和应用实例;第5章介绍在大信号双音和多音激励下,静态非线性X参数的基本理论、数学形式及参数的物理意义;第6章介绍如何将静态非线性X参数扩展到动态非线性X参数理论,及其实验方案、模型记忆、辨识实例和有效性检验手段。
●
相关链接 在E读中查询图书 在五车中查询图书 在当当中查询图书 在豆瓣中查询图书


正题名:非线性射频和微波器件表征、建模和设计     索取号:O45/5         预约/预借

序号 登录号 条形码 馆藏地/架位号 状态 备注
1 1032600   210326002   第二样本阅览室/ [索取号:O45/5] 在馆    
2 1032601   210326011   第三借阅区/ [索取号:O45/5] 在馆    
3 1032602   210326020   第三借阅区/ [索取号:O45/5] 在馆    
4 1032603   210326039   第三借阅区/ [索取号:O45/5] 在馆    
5 1032604   210326048   密集书库-物理学院/ [索取号:O45/5] 在馆    
唐山师范学院图书馆 欢迎您!
大连网信软件有限公司© 版权所有